R v Thanet District Council and Rosefarm Estates plc and Rank Group plc ex p The Noble Organisation Ltd (Record no. 77328)

MARC details
000 -LEADER
fixed length control field 01999cab a2200181 4500
001 - CONTROL NUMBER
control field ##L134020
008 - FIXED-LENGTH DATA ELEMENTS--GENERAL INFORMATION
fixed length control field 060703n2005 000 0 eng u
035 ## - SYSTEM CONTROL NUMBER
System control number (Sirsi) u134020
245 00 - TITLE STATEMENT
Title R v Thanet District Council and Rosefarm Estates plc and Rank Group plc ex p The Noble Organisation Ltd
260 ## - PUBLICATION, DISTRIBUTION, ETC.
Date of publication, distribution, etc. 2005
520 ## - SUMMARY, ETC.
Summary, etc. [2005]EWCA Civ 782, 28 June 2006. Considers whether a challenge to a planning authority's decision not to require an environmental impact assessment (EIA) at the approval of reserved matters stage was as formulated an impermissible collateral challenge to two previous outline planning permissions. Appeal by N against the decision ((20040 EWHC 2576 (Admin) approving matters reserved on the grant of outline planning permission for a leisure development without requiring an EIA in respect of those matters. N had not provided an EIA with its original application for outline planning permission for a business park nor had T required one and similarly for a leisure development on part of the business park site. When N sought approval of reserved matters in respect of its proposed leisure development T had conducted a screening exercise and concluded that no EIA was need before the reserved matters were approved. N argued that the approval of reserved matters should be quashed. "Held": appeal dismissed. N's challenge as formulated was an impermissible collateral challenge to two previous outline planning permissions and the screening decision in respect of the second of them which could have been but had not been challenged by way of judicial review.
650 24 - SUBJECT ADDED ENTRY--TOPICAL TERM
Topical term or geographic name entry element R V MANSFIELD DC EX P JONES
650 24 - SUBJECT ADDED ENTRY--TOPICAL TERM
Topical term or geographic name entry element R V THANET DC EX P NOBLE ORGANISATION
651 #4 - SUBJECT ADDED ENTRY--GEOGRAPHIC NAME
Geographic name England and Wales
Chronological subdivision 1543-
690 ## - LOCAL SUBJECT ADDED ENTRY--TOPICAL TERM (OCLC, RLIN)
Topical term or geographic name as entry element ENVIRONMENTAL AND LAND CONSULTANCY-ENVIRONMENTAL MANAGEMENT-ENVIRONMENTAL ASSESSMENT-ENVIRONMENTAL IMPACT ASSESSMENT
856 40 - ELECTRONIC LOCATION AND ACCESS
Uniform Resource Identifier <a href="https://www.bailii.org/ew/cases/EWCA/Civ/2005/782.html">https://www.bailii.org/ew/cases/EWCA/Civ/2005/782.html</a>
Public note View the judgment free of charge at www.bailii.org...
942 ## - ADDED ENTRY ELEMENTS (KOHA)
Suppress in OPAC 0
Holdings
Withdrawn status Lost status Source of classification or shelving scheme Damaged status Not for loan Home library Current library Shelving location Date acquired Total Checkouts Full call number Barcode Date last seen Copy number Price effective from Koha item type
    Dewey Decimal Classification     Virtual Virtual Online 03/07/2006   ONLINE PUBLICATION 134020-2001 06/08/2019 1 06/08/2019 Law report